[Event "Sparkassen-Open A"]
[Site "Heusenstamm, Martinsee"]
[Date "2015.11.27"]
[Round "3.13"]
[White "Barski, Radoslaw"]
[Black "Hilzinger, Markus"]
[Result "1-0"]
[WhiteElo "2336"]
[BlackElo "2100"]
[PlyCount "142"]
[EventDate "2015.??.??"]
[WhiteTeam "SC Heusenstamm"]
[BlackTeam "SC Pforzheim"]

1. e4 c5 2. Nf3 g6 3. d4 cxd4 4. Nxd4 Bg7 5. Nc3 Nc6 6. Be3 Nf6 7. Bc4 O-O 8.
Bb3 a5 9. a4 Ng4 10. Qxg4 Nxd4 11. Qd1 Nxb3 12. cxb3 d6 13. O-O Be6 14. Ra3 f5
15. exf5 Rxf5 16. Bd4 Qf8 17. Re1 Bxd4 18. Qxd4 Qf7 19. f3 Rf8 20. b4 Rf4 21.
Ne4 axb4 22. Raa1 h6 23. Qe3 Bd5 24. Ng3 e6 25. Rad1 g5 26. Ne2 Rf5 27. Ng3 Rf4
28. Qb6 g4 29. fxg4 Rf2 30. Rxd5 exd5 31. Nf5 Rxf5 32. gxf5 Qxf5 33. Qd4 Rf6
34. h3 Re6 35. Rf1 Qe4 36. Qf2 Qe3 37. Rd1 Re5 38. Rd4 b3 39. Rb4 Re4 40. Qxe3
Rxe3 41. Rxb7 Re4 42. a5 Ra4 43. Rxb3 Rxa5 44. Rb7 d4 45. Rb4 Rd5 46. Kf2 d3
47. Ke1 Kf7 48. Kd2 Rf5 49. Ke3 h5 50. Rd4 Rg5 51. g4 hxg4 52. hxg4 Ke6 53.
Kxd3 Rc5 54. b4 Rc1 55. b5 Kd7 56. Rb4 Re1 57. b6 Kc8 58. b7+ Kb8 59. Rb5 Rg1
60. g5 d5 61. Rxd5 Kxb7 62. Ke4 Kc6 63. Ra5 Kd6 64. Kf5 Ke7 65. Kg6 Rg2 66. Kg7
Rg1 67. g6 Rg2 68. Re5+ Kd6 69. Re1 Rg3 70. Kf7 Rg2 71. Rf1 Rg1 1-0

[Event "Sparkassen-Open A"]
[Site "Heusenstamm, Martinsee"]
[Date "2015.11.27"]
[Round "3.14"]
[White "Schild, Christoph"]
[Black "Stümer, Paul"]
[Result "0-1"]
[WhiteElo "2368"]
[BlackElo "2073"]
[PlyCount "142"]
[EventDate "2015.??.??"]
[WhiteTeam "SK Freiburg-Zähringen 1887"]
[BlackTeam "SV Bergneustadt/Derschlag"]

1. Nf3 c5 2. c4 Nc6 3. Nc3 g6 4. g3 Bg7 5. Bg2 d6 6. O-O e5 7. d3 Nge7 8. Ne1
O-O 9. Nc2 Rb8 10. Bg5 h6 11. Bd2 Kh7 12. a3 Nd4 13. b4 Nb3 14. Rb1 Nxd2 15.
Qxd2 b6 16. bxc5 dxc5 17. Ne3 Be6 18. Qc2 Qd7 19. Qa4 Qxa4 20. Nxa4 f5 21. Nc3
Rbd8 22. Bd5 Bd7 23. Rfc1 f4 24. Nf1 h5 25. Rc2 Nf5 26. Ra2 Nd4 27. a4 Bf5 28.
f3 g5 29. Nb5 e4 30. dxe4 Bh3 31. Kf2 Rd7 32. Nxd4 Bxd4+ 33. e3 fxe3+ 34. Ke2
Bg2 35. Kd3 e2 36. Rxe2 Bxf3 37. Ree1 Bg4 38. Ne3 Rf3 39. Re2 Rd8 40. a5 bxa5
41. Rb7+ Rd7 42. Rb5 a4 43. Ra5 Bh3 44. Re1 Rf2 45. Re2 Rf3 46. Re1 Rf2 47.
Rxa4 Rxh2 48. Re2 Rh1 49. e5 Rg1 50. e6 Re7 51. g4 Rg3 52. Ke4 Bxg4 53. Nxg4
Rxg4+ 54. Kd3 Rg3+ 55. Kc2 Kg7 56. Re1 Re3 57. Rf1 Re2+ 58. Kd3 Rf2 59. Rb1 Kf6
60. Rb8 h4 61. Rf8+ Kg7 62. Rf7+ Rfxf7 63. exf7 g4 64. Kd2 g3 65. Ra3 Bf2 66.
Rf3 Kf8 67. Rf5 Bd4 68. Rh5 Rxf7 69. Bxf7 Kxf7 70. Rg5 a5 71. Ke2 a4 0-1

[Event "Sparkassen-Open A"]
[Site "Heusenstamm, Martinsee"]
[Date "2015.11.27"]
[Round "3.15"]
[White "Schmidt, Markus"]
[Black "Thinius, Marco"]
[Result "0-1"]
[WhiteElo "2118"]
[BlackElo "2328"]
[PlyCount "72"]
[EventDate "2015.??.??"]
[WhiteTeam "SK Turm Bad Hersfeld"]
[BlackTeam "SV Empor Berlin"]

1. Nf3 f5 2. g3 Nf6 3. d4 e6 4. Bg2 d5 5. O-O Bd6 6. c4 c6 7. b3 Qe7 8. Ne5 O-O
9. Bf4 Ng4 10. Nd3 Bxf4 11. Nxf4 dxc4 12. bxc4 e5 13. dxe5 Nxe5 14. Qc2 Na6 15.
Nd2 Nc5 16. Nb3 a5 17. Rfd1 a4 18. Nxc5 Qxc5 19. Rac1 a3 20. Qc3 Re8 21. e3 Ra4
22. Rd4 Qb4 23. c5 Qxc3 24. Rxc3 Ra5 25. Nd3 Nxd3 26. Rdxd3 Be6 27. Rxa3 Rxc5
28. h4 Rc1+ 29. Kh2 Rc2 30. Ra7 Rxf2 31. Kg1 Rb2 32. a4 Re7 33. Bxc6 Rc7 34.
Bg2 Rc1+ 35. Kh2 Rcc2 36. Rd8+ Kf7 0-1

[Event "Sparkassen-Open A"]
[Site "Heusenstamm, Martinsee"]
[Date "2015.11.27"]
[Round "3.16"]
[White "Schwarz, Dusan"]
[Black "Mueller, Thorsten"]
[Result "0-1"]
[WhiteElo "2315"]
[BlackElo "2112"]
[PlyCount "104"]
[EventDate "2015.??.??"]
[WhiteTeam "Sk Doprastav Bratislava"]
[BlackTeam "VSG Offenbach"]

1. d4 d5 2. c4 c6 3. Nf3 Nf6 4. Nc3 e6 5. Bg5 Nbd7 6. e3 Qa5 7. cxd5 Nxd5 8.
Qd2 Bb4 9. Rc1 h6 10. Bh4 O-O 11. Bd3 b6 12. a3 Bxc3 13. bxc3 Ba6 14. O-O Bxd3
15. Qxd3 Qxa3 16. e4 Nf4 17. Qe3 Ng6 18. Ra1 Qd6 19. Bg3 Qe7 20. e5 Rfc8 21.
Nd2 c5 22. Ne4 cxd4 23. cxd4 Rc6 24. Nd6 Qf8 25. f4 Ne7 26. f5 Rxd6 27. exd6
Nxf5 28. Qe4 Nf6 29. Qe5 a5 30. Rab1 Nxg3 31. Qxg3 Ne4 32. Qe1 Nxd6 33. Rxb6
Qd8 34. Rb1 Nf5 35. Rd1 Qd5 36. Qf2 Ra7 37. g4 Nd6 38. Rde1 Nc4 39. Qf4 Rd7 40.
Rd1 a4 41. Rb1 f6 42. Rfd1 a3 43. Rb8+ Kf7 44. Qc1 Qf3 45. Rc8 Qxg4+ 46. Kf2
Qf5+ 47. Kg1 Qg4+ 48. Kf2 Nb2 49. Rg1 Qxd4+ 50. Kf1 Qd3+ 51. Kf2 Nd1+ 52. Ke1
Qe4+ 0-1

[Event "Sparkassen-Open A"]
[Site "Heusenstamm, Martinsee"]
[Date "2015.11.27"]
[Round "3.18"]
[White "Dickmann, Thomas"]
[Black "Engel, Berthold"]
[Result "1/2-1/2"]
[WhiteElo "2013"]
[BlackElo "2207"]
[PlyCount "87"]
[EventDate "2015.??.??"]
[WhiteTeam "SV Wesel"]
[BlackTeam "BG Buchen"]

1. e4 Nc6 2. d4 d5 3. e5 Bf5 4. Nf3 e6 5. Bb5 h6 6. O-O Nge7 7. b3 a6 8. Be2
Bg4 9. Bb2 Nc8 10. Nbd2 Nb6 11. Re1 Be7 12. Nf1 O-O 13. Ne3 Bxf3 14. Bxf3 Bg5
15. g3 f5 16. Ng2 Qd7 17. h4 Be7 18. Nf4 Kh7 19. h5 Bg5 20. Bc1 Bxf4 21. Bxf4
Qf7 22. Kg2 Ne7 23. Qd2 Rac8 24. Rac1 Rfd8 25. a4 Nd7 26. c4 Nb8 27. c5 Nbc6
28. a5 Na7 29. Rh1 Nb5 30. Be2 Ra8 31. b4 Na7 32. Bd3 Kg8 33. Be3 Rf8 34. Bf4
Nb5 35. Be2 Qe8 36. Be3 c6 37. Rh4 Qf7 38. Bf4 Rfd8 39. Qe3 Kf8 40. Rch1 Ke8
41. Rc1 Nc7 42. Rch1 Kd7 43. Rc1 Rg8 44. Rch1 1/2-1/2

[Event "Sparkassen-Open A"]
[Site "Heusenstamm, Martinsee"]
[Date "2015.11.27"]
[Round "3.19"]
[White "Meyner, Hannes"]
[Black "Martin, Reiner"]
[Result "1-0"]
[WhiteElo "2202"]
[BlackElo "2021"]
[PlyCount "37"]
[EventDate "2015.??.??"]
[WhiteTeam "Kasseler SK"]
[BlackTeam "SC Bad Soden"]

1. d4 Nf6 2. c4 c5 3. d5 e6 4. Nc3 exd5 5. cxd5 d6 6. Nf3 g6 7. Bf4 a6 8. e4 b5
9. Bd3 Nh5 10. Bg5 Be7 11. Bh6 b4 12. Nb1 Bf6 13. e5 dxe5 14. Nbd2 Nf4 15. O-O
Nxd3 16. Ne4 Nf4 17. Re1 Nh5 18. Nxf6+ Qxf6 19. Nxe5 1-0

[Event "Sparkassen-Open A"]
[Site "Heusenstamm, Martinsee"]
[Date "2015.11.27"]
[Round "3.20"]
[White "Bahlke, Wolfgang"]
[Black "Mehringer, Jörg"]
[Result "0-1"]
[WhiteElo "2183"]
[BlackElo "1976"]
[PlyCount "52"]
[EventDate "2015.??.??"]
[WhiteTeam "SF Dettingen"]
[BlackTeam "Schachpinguine Berlin"]

1. e4 e5 2. d4 exd4 3. Bc4 d6 4. Ne2 Nc6 5. Nxd4 Be7 6. Be3 Nf6 7. f3 O-O 8.
Nc3 Ne5 9. Bb3 c5 10. Nf5 Bxf5 11. exf5 c4 12. Ba4 a6 13. g4 b5 14. g5 Ne8 15.
f4 Nd7 16. Rg1 f6 17. g6 h6 18. Nxb5 axb5 19. Qd5+ Kh8 20. Bxb5 Nc7 21. Qxc4
Nxb5 22. Qxb5 Rb8 23. Qc4 Rxb2 24. O-O-O Rb7 25. Rge1 Qa5 26. Bd4 d5 0-1

[Event "Sparkassen-Open A"]
[Site "Heusenstamm, Martinsee"]
[Date "2015.11.27"]
[Round "3.21"]
[White "Harringer, Manfred"]
[Black "Hankel, Dennis"]
[Result "1/2-1/2"]
[WhiteElo "1995"]
[BlackElo "2180"]
[PlyCount "110"]
[EventDate "2015.??.??"]
[WhiteTeam "Bergische SF"]
[BlackTeam "SF Neuberg"]

1. e4 e5 2. Nf3 Nc6 3. Bb5 a6 4. Ba4 Nf6 5. O-O Be7 6. Re1 b5 7. Bb3 d6 8. c3
O-O 9. d3 Re8 10. Nbd2 Bf8 11. Nf1 Na5 12. Bc2 c5 13. Bg5 h6 14. Bxf6 Qxf6 15.
Ne3 Be6 16. a4 Nc6 17. Bb3 Ne7 18. Bxe6 Qxe6 19. Nd2 g6 20. axb5 axb5 21. c4
Rab8 22. Nd5 Nxd5 23. cxd5 Qd7 24. Qc2 Be7 25. Ra2 Ra8 26. Rea1 Qb7 27. Qb3 Bg5
28. Nf1 Rxa2 29. Qxa2 c4 30. dxc4 bxc4 31. Qxc4 Qxb2 32. Ra7 Bd8 33. Ra2 Qb1
34. Qc6 Rf8 35. Qc2 Qb4 36. Rb2 Qd4 37. Rb8 Bb6 38. Rxf8+ Kxf8 39. g3 Kg7 40.
Ne3 Qb4 41. Nf1 Bc5 42. h3 Qd4 43. Ne3 Qa1+ 44. Nf1 Qe1 45. Kg2 Bb6 46. Nh2 Qa5
47. Nf3 Qb5 48. g4 Bc5 49. Nh4 Qb7 50. Nf3 f5 51. gxf5 gxf5 52. Nh4 fxe4 53.
Qxe4 Qf7 54. Nf5+ Kf8 55. Ne3 Bxe3 1/2-1/2

[Event "Sparkassen-Open A"]
[Site "Heusenstamm, Martinsee"]
[Date "2015.11.27"]
[Round "3.22"]
[White "Rutsatz, Mario"]
[Black "Hinrichs, Hans-Uwe"]
[Result "1-0"]
[WhiteElo "1988"]
[BlackElo "2167"]
[PlyCount "87"]
[EventDate "2015.??.??"]
[WhiteTeam "SF Frankfurt"]
[BlackTeam "SK Bingen"]

1. d4 Nf6 2. c4 c5 3. d5 e5 4. Nc3 d6 5. e4 Be7 6. Be2 O-O 7. Nf3 Bg4 8. Nd2
Bxe2 9. Qxe2 Nbd7 10. O-O Ne8 11. f4 exf4 12. Rxf4 Ne5 13. Rf1 Nf6 14. Nf3 Nfd7
15. Bf4 Bf6 16. Nd1 Qe7 17. Rb1 Rae8 18. Nf2 Nxf3+ 19. gxf3 Bd4 20. Be3 Bxe3
21. Qxe3 f5 22. Rbe1 f4 23. Qc3 Qe5 24. Qb3 b6 25. Kh1 Qh5 26. Ng4 Qh3 27. Qa4
Re7 28. Qb3 h5 29. Nf2 Qh4 30. Qc3 Ne5 31. Nd3 g5 32. Nxe5 Rxe5 33. Re2 Rf7 34.
Qe1 Qh3 35. Rg2 Rg7 36. Qe2 Qd7 37. Rfg1 Qe7 38. a3 Qf6 39. Qf2 Qg6 40. h3 Ree7
41. Qh4 Qf6 42. Rxg5 Qxb2 43. Qxf4 Qxa3 44. Qf6 1-0

[Event "Sparkassen-Open A"]
[Site "Heusenstamm, Martinsee"]
[Date "2015.11.27"]
[Round "3.23"]
[White "Budzyn, Matthias"]
[Black "Calder, Dennis"]
[Result "1-0"]
[WhiteElo "2164"]
[BlackElo "2000"]
[PlyCount "65"]
[EventDate "2015.??.??"]
[WhiteTeam "SG Turm Kiel"]
[BlackTeam "SC Bad Nauheim"]

1. e4 e5 2. Nf3 Nc6 3. Bb5 a6 4. Ba4 Nf6 5. d3 d6 6. c3 g6 7. Nbd2 Bg7 8. Nf1
O-O 9. Ng3 b5 10. Bc2 h6 11. O-O d5 12. Qe2 d4 13. Bb3 Qd6 14. cxd4 Nxd4 15.
Nxd4 Qxd4 16. Be3 Qd8 17. Rfd1 Re8 18. d4 exd4 19. Bxd4 Qe7 20. Rac1 Be6 21.
Bc5 Bxb3 22. Bxe7 Bxd1 23. Rxd1 Rxe7 24. Qc2 Rae8 25. f3 Nh7 26. b3 Be5 27. Qc1
Nf8 28. Qxh6 Ne6 29. Ne2 c5 30. Qc1 Rc8 31. f4 Bb8 32. f5 gxf5 33. exf5 1-0

[Event "Sparkassen-Open A"]
[Site "Heusenstamm, Martinsee"]
[Date "2015.11.27"]
[Round "3.24"]
[White "Hahn, Florian"]
[Black "Rochau, Normen"]
[Result "1-0"]
[WhiteElo "2149"]
[BlackElo "1912"]
[PlyCount "81"]
[EventDate "2015.??.??"]
[WhiteTeam "SC Herborn"]
[BlackTeam "Karlsruher SF"]

1. d4 Nf6 2. c4 e6 3. g3 Bb4+ 4. Nd2 c5 5. Ngf3 Nc6 6. dxc5 Bxc5 7. Nb3 Bb4+ 8.
Bd2 Bxd2+ 9. Qxd2 b6 10. Bg2 O-O 11. O-O Ba6 12. Rac1 Rc8 13. Rfd1 Qe7 14. Nbd4
Nxd4 15. Qxd4 Bb7 16. Qd6 Qxd6 17. Rxd6 Rfd8 18. Ne5 Bxg2 19. Kxg2 Kf8 20. Rcd1
Ke7 21. f3 Rc7 22. b3 Nd5 23. cxd5 Kxd6 24. Nxf7+ Ke7 25. Nxd8 exd5 26. Rxd5
Kxd8 27. Rd2 Ke7 28. e4 Ke6 29. Kf2 a5 30. Ke2 Rc3 31. f4 d6 32. Rd3 Rc2+ 33.
Rd2 Rc3 34. Kd1 Re3 35. Rd4 Rf3 36. Ke2 Rc3 37. Rc4 Rxc4 38. bxc4 Kd7 39. Kd3
Kc6 40. Kd4 a4 41. a3 1-0

[Event "Sparkassen-Open A"]
[Site "Heusenstamm, Martinsee"]
[Date "2015.11.27"]
[Round "3.25"]
[White "Ovsepyan, Mikhail"]
[Black "Henrich, David"]
[Result "0-1"]
[WhiteElo "1785"]
[BlackElo "2140"]
[PlyCount "94"]
[EventDate "2015.??.??"]
[WhiteTeam "SF Frankfurt"]
[BlackTeam "SK Niederbrechen"]

1. e4 d6 2. d4 Nf6 3. Nc3 Nbd7 4. Nf3 e5 5. dxe5 dxe5 6. a3 c6 7. Bc4 Be7 8. h3
O-O 9. O-O Qc7 10. b4 b5 11. Bb3 a5 12. bxa5 Rxa5 13. Bb2 Bc5 14. Qc1 h6 15.
Ne1 Bd4 16. Nd3 Nc5 17. Nxc5 Bxc5 18. Re1 Be6 19. Qd2 Rfa8 20. a4 b4 21. Na2
Rd8 22. Qe2 Bd4 23. Bxd4 Rxd4 24. Qf3 Qd6 25. Rad1 Bxb3 26. cxb3 c5 27. Nc1 Ra8
28. Rxd4 Qxd4 29. Rd1 Qxe4 30. Qxe4 Nxe4 31. Rd5 f6 32. f3 Nc3 33. Rxc5 Rd8 34.
Kf2 Rd1 35. Ne2 Rd2 36. Rxc3 bxc3 37. Ke3 Rb2 38. Nxc3 Rxb3 39. Kd3 Rb4 40. a5
Rd4+ 41. Ke3 Rd6 42. f4 exf4+ 43. Kxf4 Ra6 44. Ne4 Rxa5 45. g4 h5 46. g5 Kf7
47. Ng3 Ra4+ 0-1

[Event "Sparkassen-Open A"]
[Site "Heusenstamm, Martinsee"]
[Date "2015.11.27"]
[Round "3.26"]
[White "Poghosyan, Tigran"]
[Black "Völler, Lothar"]
[Result "1-0"]
[WhiteElo "2120"]
[BlackElo "1738"]
[PlyCount "111"]
[EventDate "2015.??.??"]
[WhiteTeam "Lübeker SV"]
[BlackTeam "FS Dortmund"]

1. e4 c5 2. Nf3 g6 3. c4 Nc6 4. d4 cxd4 5. Nxd4 Bg7 6. Nb3 Nf6 7. Nc3 O-O 8.
Be3 e6 9. Be2 Ne7 10. Bc5 b6 11. Bd6 Bb7 12. Bf3 Ne8 13. Ba3 f5 14. e5 Bxf3 15.
Qxf3 Rc8 16. Qe2 Rf7 17. f4 a6 18. Rd1 Qc7 19. c5 b5 20. Nd4 Bh6 21. O-O Qb7
22. b4 Nc7 23. g3 Ned5 24. Nb1 Bf8 25. Nb3 Rg7 26. Na5 Qa7 27. Kh1 Qa8 28. Rf3
g5 29. fxg5 Rxg5 30. Bc1 Rg4 31. a3 Re8 32. Bf4 Re7 33. Qf2 Nxf4 34. gxf4 Reg7
35. c6 Nd5 36. h3 R4g6 37. cxd7 Rxd7 38. Nc3 Rdg7 39. Nxd5 exd5 40. Nb3 Qd8 41.
Nd4 Rf7 42. Rg3 Rxg3 43. Qxg3+ Rg7 44. Qf2 Qb6 45. Qf3 Qg6 46. Qxd5+ Kh8 47.
Qf3 Qg3 48. Qxg3 Rxg3 49. Ne6 Bh6 50. Kh2 Rg8 51. Rd6 Ra8 52. Kg3 Kg8 53. Nc7
Rc8 54. Nd5 Bf8 55. Rd7 a5 56. Nf6+ 1-0

[Event "Sparkassen-Open A"]
[Site "Heusenstamm, Martinsee"]
[Date "2015.11.27"]
[Round "3.27"]
[White "Falkenhainer, Sven"]
[Black "Köllner, Christof"]
[Result "0-1"]
[WhiteElo "1736"]
[BlackElo "2118"]
[PlyCount "88"]
[EventDate "2015.??.??"]
[WhiteTeam "SC Bergen-Enkheim"]
[BlackTeam "SV Bergneustadt/Derschlag"]

1. e4 c5 2. b3 Nc6 3. Bb2 e5 4. Nf3 d6 5. Nc3 Be7 6. Bb5 Nh6 7. d3 f5 8. Qd2
O-O 9. Bxc6 bxc6 10. O-O-O fxe4 11. Nxe4 Bg4 12. Kb1 Bxf3 13. gxf3 Qe8 14. Rdg1
Qh5 15. Bc1 Kh8 16. Qa5 Nf5 17. Rg2 Qxf3 18. Rhg1 g6 19. Qc7 Rae8 20. Bg5 Qh5
21. Qd7 Bxg5 22. Rxg5 Re7 23. Qxe7 Nxe7 24. Rxh5 gxh5 25. Nxd6 Rxf2 26. Rg5 h4
27. h3 Ng6 28. Ne4 Rh2 29. Rh5 Kg7 30. Nxc5 Rxh3 31. Ne6+ Kf6 32. Nc5 Rh1+ 33.
Kb2 Nf4 34. Rxh7 Kg6 35. Rc7 h3 36. Rxc6+ Kh7 37. Ne4 Rg1 38. Rc7+ Kg6 39. Rc6+
Kh5 40. Rc8 Ng6 41. Rc7 Kh6 42. Nf6 Nf8 43. Rc8 h2 44. Rxf8 Kg7 0-1

[Event "Sparkassen-Open A"]
[Site "Heusenstamm, Martinsee"]
[Date "2015.11.27"]
[Round "3.28"]
[White "van Foreest, Jorden"]
[Black "Cichy, Michael"]
[Result "1-0"]
[WhiteElo "2546"]
[BlackElo "1957"]
[PlyCount "59"]
[EventDate "2015.??.??"]
[WhiteTeam "SK Turm Emsdetten"]
[BlackTeam "SC BS Gliesmarode"]

1. e4 c5 2. Nf3 e6 3. d4 cxd4 4. Nxd4 Nc6 5. Nc3 Qc7 6. Be3 a6 7. Qf3 Bd6 8.
O-O-O Be5 9. g3 Nf6 10. Qe2 O-O 11. f4 Nxd4 12. Bxd4 Bxd4 13. Rxd4 e5 14. fxe5
Qxe5 15. Qd2 b5 16. Bg2 Rb8 17. Rf1 b4 18. Nd5 Nxd5 19. Rxd5 Qc7 20. e5 b3 21.
axb3 Rxb3 22. Qd4 Rb6 23. Rc5 Qb8 24. Bd5 Bb7 25. Bc4 Bc6 26. Rf4 Bb5 27. Ba2
d6 28. exd6 Rxd6 29. Rd5 Re6 30. Rxf7 1-0

[Event "Sparkassen-Open A"]
[Site "Heusenstamm, Martinsee"]
[Date "2015.11.27"]
[Round "3.29"]
[White "Wolff, Peter"]
[Black "Keller, Peter"]
[Result "0-1"]
[WhiteElo "1957"]
[BlackElo "2304"]
[PlyCount "42"]
[EventDate "2015.??.??"]
[WhiteTeam "VSG Offenbach"]
[BlackTeam "Frankfurter TV"]

1. c4 c6 2. g3 d5 3. Nf3 Nf6 4. Bg2 dxc4 5. Na3 b5 6. O-O Bb7 7. b3 cxb3 8.
Qxb3 e6 9. Bb2 Be7 10. Ne5 Qb6 11. Bh3 Na6 12. Bxe6 fxe6 13. Qxe6 Rf8 14. Rac1
Nc5 15. Qf5 Na4 16. Qb1 Rd8 17. d4 Nxb2 18. Qxb2 Qxd4 19. Qxd4 Rxd4 20. Nxc6
Bxc6 21. Rxc6 Bxa3 0-1

[Event "Sparkassen-Open A"]
[Site "Heusenstamm, Martinsee"]
[Date "2015.11.27"]
[Round "3.30"]
[White "Chandler, Patrick"]
[Black "Modric, Vladimir"]
[Result "1-0"]
[WhiteElo "2177"]
[BlackElo "1945"]
[PlyCount "59"]
[EventDate "2015.??.??"]
[WhiteTeam "SC Gelnhausen"]
[BlackTeam "SC Nied"]

1. d4 e6 2. Nf3 f5 3. Bf4 Nf6 4. Nbd2 Be7 5. e3 d6 6. Bc4 O-O 7. Bb3 Kh8 8. h4
d5 9. h5 Ng4 10. Qe2 b6 11. c4 Ba6 12. O-O-O Nc6 13. Ba4 Na5 14. Bb5 Bxb5 15.
cxb5 c6 16. bxc6 Nxc6 17. Kb1 Rc8 18. Rc1 a5 19. a3 a4 20. Qb5 Qe8 21. Rhf1 Bd8
22. Qxa4 Rf7 23. Qa6 Bf6 24. Rc2 Na7 25. Rfc1 Rxc2 26. Rxc2 Nxf2 27. h6 gxh6
28. Be5 Nc6 29. Bxf6+ Rxf6 30. Qb5 1-0

[Event "Sparkassen-Open A"]
[Site "Heusenstamm, Martinsee"]
[Date "2015.11.27"]
[Round "3.31"]
[White "Pabel, Ralph"]
[Black "Hecht, Carsten"]
[Result "0-1"]
[WhiteElo "1938"]
[BlackElo "2159"]
[PlyCount "76"]
[EventDate "2015.??.??"]
[WhiteTeam "SK Mainaschaff"]
[BlackTeam "LSV Turm Lippstadt"]

1. c4 Nf6 2. Nc3 d5 3. cxd5 Nxd5 4. g3 g6 5. Bg2 Nb6 6. b3 Bg7 7. Bb2 O-O 8.
Qc2 Nc6 9. Nf3 e5 10. d3 Bg4 11. Qd2 Re8 12. h3 Be6 13. Rd1 Qe7 14. O-O Nd4 15.
Kh2 c6 16. Ne4 Bd5 17. Nc3 Nxf3+ 18. Bxf3 Bxf3 19. exf3 Rad8 20. Rfe1 Qc7 21.
Re2 Re7 22. Ne4 Red7 23. Qg5 Nd5 24. Nc5 Re7 25. h4 b6 26. Na4 h6 27. Qd2 c5
28. a3 Qd7 29. Kg2 Qb5 30. Qc2 Nc7 31. Red2 Ne6 32. Qc4 Qc6 33. Qc2 f5 34. Nc3
Nd4 35. Qc1 Nxf3 36. Kh3 Nxd2 37. Rxd2 Red7 38. Qc2 Qh1# 0-1

[Event "Sparkassen-Open A"]
[Site "Heusenstamm, Martinsee"]
[Date "2015.11.27"]
[Round "3.32"]
[White "Weil, Michael"]
[Black "Enneper, Eckhard"]
[Result "0-1"]
[WhiteElo "1935"]
[BlackElo "2155"]
[PlyCount "138"]
[EventDate "2015.??.??"]
[WhiteTeam "SC Steinbach"]
[BlackTeam "VSG Offenbach"]

1. d4 Nf6 2. Nf3 c5 3. e3 d5 4. c3 cxd4 5. exd4 Nc6 6. Bd3 Bg4 7. h3 Bh5 8. O-O
e6 9. Bf4 Bd6 10. Bxd6 Qxd6 11. Nbd2 O-O 12. Re1 Rab8 13. Qa4 Bg6 14. Bxg6 hxg6
15. a3 b5 16. Qd1 Rfc8 17. Ne5 Na5 18. Qe2 Nc4 19. Nf1 Qc7 20. Ng3 a5 21. Nd3
Nd7 22. f4 Nd6 23. Qf3 Qb6 24. h4 Nf5 25. Nxf5 gxf5 26. Re2 Qd8 27. g3 Nf6 28.
Rae1 Ne4 29. Rh2 Qf6 30. Ne5 Qe7 31. Nd3 Qa7 32. Qe3 Nf6 33. Ne5 b4 34. axb4
axb4 35. Rc1 bxc3 36. bxc3 Qa3 37. Qe1 Ne4 38. Rhc2 Rb3 39. Ra1 Qe7 40. Rac1
Rc7 41. Nf3 Qa3 42. Ra1 Qf8 43. Rac1 Qc8 44. Ng5 Rbxc3 45. Rxc3 Rxc3 46. Rxc3
Qxc3 47. Qxc3 Nxc3 48. Kg2 Kf8 49. Kf3 Ne4 50. Nh3 Ke7 51. Ng1 Kd6 52. Ne2 Kc6
53. g4 fxg4+ 54. Kxg4 g6 55. h5 Nf6+ 56. Kg5 Nxh5 57. Ng1 Kd6 58. Nf3 Ke7 59.
Kg4 Ng7 60. Kg5 Nf5 61. Kg4 Kf6 62. Kh3 Nd6 63. Kg4 Nb5 64. Kg3 Kf5 65. Ne5
Nxd4 66. Nxf7 Ne2+ 67. Kf3 Nxf4 68. Nd6+ Ke5 69. Nf7+ Kf6 0-1

[Event "Sparkassen-Open A"]
[Site "Heusenstamm, Martinsee"]
[Date "2015.11.27"]
[Round "3.33"]
[White "Mährlein, Christoph"]
[Black "Zimmer, Gerald"]
[Result "0-1"]
[WhiteElo "2106"]
[BlackElo "1923"]
[PlyCount "66"]
[EventDate "2015.??.??"]
[WhiteTeam "SC Pforzheim"]
[BlackTeam "SC Bergen-Enkheim"]

1. d4 Nf6 2. c4 e6 3. Nc3 Bb4 4. e3 c5 5. Nge2 O-O 6. a3 Bxc3+ 7. Nxc3 b6 8.
Be2 Bb7 9. O-O d5 10. Bf3 Na6 11. Rb1 Qd7 12. b4 cxb4 13. axb4 dxc4 14. b5 Bxf3
15. Qxf3 Nc7 16. e4 Qxd4 17. Rd1 Qc5 18. e5 Nfd5 19. Ne4 Qe7 20. Ba3 Qe8 21.
Nd6 Qd7 22. Rd4 f6 23. Rh4 fxe5 24. Qe4 g6 25. Qxe5 c3 26. Ne4 Rf5 27. Qd4 Nxb5
28. Rxb5 Qxb5 29. g4 Qb1+ 30. Kg2 Nf4+ 31. Kf3 Qh1+ 32. Ke3 Ng2+ 33. Kd3 Qd1+
0-1

[Event "Sparkassen-Open A"]
[Site "Heusenstamm, Martinsee"]
[Date "2015.11.27"]
[Round "3.34"]
[White "Tornay Gomez, Josu"]
[Black "Thomele, Michael"]
[Result "0-1"]
[WhiteElo "2100"]
[BlackElo "1919"]
[PlyCount "102"]
[EventDate "2015.??.??"]
[WhiteTeam "SC Herborn"]
[BlackTeam "SC Obernau"]

1. e4 c5 2. Nc3 d6 3. f4 e6 4. Nf3 Be7 5. g3 Nc6 6. Bg2 Nf6 7. O-O a6 8. Kh1
Qc7 9. d4 cxd4 10. Nxd4 O-O 11. Nb3 Bd7 12. g4 Ne8 13. Be3 b5 14. a3 Rb8 15. g5
g6 16. Rf3 f6 17. h4 Ng7 18. Qe2 Na5 19. Nxa5 Qxa5 20. Rd1 Bc6 21. f5 exf5 22.
Nd5 Bxd5 23. exd5 Rbe8 24. Qf2 Qd8 25. Bb6 Qd7 26. Qd2 Bd8 27. Bd4 Nh5 28. Rc3
f4 29. gxf6 Bxf6 30. Bxf6 Rxf6 31. Re1 Rff8 32. Bh3 Qg7 33. Be6+ Kh8 34. Rc6
Qxb2 35. Rxd6 Qxa3 36. Rd7 Re7 37. c3 Rxd7 38. Bxd7 Qc5 39. Be6 f3 40. Kh2 Qd6+
41. Kh1 Ng3+ 42. Kg1 f2+ 43. Qxf2 Rxf2 44. Kxf2 Qf4+ 45. Kg1 Ne4 46. Re2 Qg3+
47. Rg2 Qxc3 48. h5 Qd4+ 49. Kh2 Kg7 50. hxg6 hxg6 51. Kh1 b4 0-1

[Event "Sparkassen-Open A"]
[Site "Heusenstamm, Martinsee"]
[Date "2015.11.27"]
[Round "3.35"]
[White "Schindelmeiser, Frank"]
[Black "Busch, Lorenz"]
[Result "0-1"]
[WhiteElo "1931"]
[BlackElo "2095"]
[PlyCount "125"]
[EventDate "2015.??.??"]
[WhiteTeam "SV Oberursel"]
[BlackTeam "SC Herxheim"]

1. c4 e5 2. g3 Nf6 3. Bg2 Bc5 4. Nc3 Nc6 5. e3 d5 6. Nxd5 Nxd5 7. cxd5 Nb4 8.
Qb3 c6 9. dxc6 Bf5 10. cxb7 Rb8 11. Ne2 Nc2+ 12. Kf1 O-O 13. e4 Nxa1 14. Qc4
Be6 15. Qxc5 Rxb7 16. Qxe5 Bxa2 17. d4 Re8 18. Qf4 Bc4 19. e5 Rb4 20. Bf3 Bxe2+
21. Bxe2 Rxd4 22. Qf5 Qd5 23. Bf3 Qxe5 24. Qxe5 Rxe5 25. Be3 Rd7 26. Bf4 Ra5
27. Kg2 g5 28. Bc6 Rd3 29. Be3 Nc2 30. Bc1 Rd4 31. b3 Nb4 32. Bf3 g4 33. Be2
Ra2 34. Bc4 a5 35. Be3 Re4 36. Bh6 Nc2 37. Rc1 Re1 38. Rxe1 Nxe1+ 39. Kf1 Nf3
40. Bf4 Nxh2+ 41. Kg2 Nf3 42. Bd5 Ne1+ 43. Kf1 Nd3 44. Be3 Nb4 45. Bc4 Kg7 46.
Bf4 f6 47. Ke1 Nc6 48. Be6 Nd4 49. Bc4 Rb2 50. Bc7 a4 51. Ba5 a3 52. Bc3 Nf3+
53. Kd1 Rb1+ 54. Kc2 a2 55. b4 a1=Q 56. Bxa1 Rxa1 57. b5 Ne5 58. Kb2 Ra4 59.
Be2 Kf8 60. Kb3 Re4 61. Bd1 h6 62. Bc2 Re2 63. Bf5 0-1

[Event "Sparkassen-Open A"]
[Site "Heusenstamm, Martinsee"]
[Date "2015.11.27"]
[Round "3.36"]
[White "Pfeffer, Marko"]
[Black "Cors, Heinz-Friedrich"]
[Result "1-0"]
[WhiteElo "2091"]
[BlackElo "1916"]
[PlyCount "83"]
[EventDate "2015.??.??"]
[WhiteTeam "SC Bergen-Enkheim"]
[BlackTeam "Schachforum Darmstadt"]

1. e4 c6 2. b3 d5 3. Bb2 dxe4 4. Nc3 Nf6 5. Nge2 Bf5 6. Ng3 Bg6 7. Qe2 Nbd7 8.
Ncxe4 Nxe4 9. Nxe4 e6 10. O-O-O Bxe4 11. Qxe4 Nf6 12. Qe1 Bd6 13. Kb1 Qc7 14.
h4 O-O-O 15. h5 h6 16. g3 Rhg8 17. Bg2 Qa5 18. Qe2 Rde8 19. Rh4 Nd7 20. Ra4 Qb6
21. d4 Kb8 22. Qf3 Qc7 23. Qxf7 Nb6 24. Qxc7+ Kxc7 25. Rxa7 Bb4 26. a3 Kb8 27.
Rxb7+ Kxb7 28. axb4 Kc7 29. c4 Rgf8 30. f4 Rf5 31. Bf3 Rf7 32. Be4 Rd7 33. Kc2
Nc8 34. Ra1 Nd6 35. Bf3 Nf5 36. Ra7+ Kd6 37. Ra6 Rc8 38. g4 Ne3+ 39. Kd3 Nd5
40. cxd5 exd5 41. b5 Re7 42. Ba3+ 1-0

[Event "Sparkassen-Open A"]
[Site "Heusenstamm, Martinsee"]
[Date "2015.11.27"]
[Round "3.37"]
[White "Foskanyan, Serzhik"]
[Black "Kreiling, Carsten"]
[Result "1-0"]
[WhiteElo "1911"]
[BlackElo "2081"]
[PlyCount "65"]
[EventDate "2015.??.??"]
[WhiteTeam "SV Mainz-Mombach"]
[BlackTeam "SVG Eppstein"]

1. e4 c5 2. Nf3 d6 3. d4 cxd4 4. Nxd4 Nf6 5. Nc3 g6 6. f3 Bg7 7. Be3 Nc6 8. Qd2
O-O 9. g4 Be6 10. h4 Nxd4 11. Bxd4 Qa5 12. h5 Rfc8 13. hxg6 hxg6 14. a3 Rab8
15. O-O-O b5 16. g5 Nh5 17. Bxg7 Nxg7 18. Nd5 Qxd2+ 19. Rxd2 Bxd5 20. Rxd5 b4
21. axb4 Rxb4 22. Ra5 Rc7 23. Bd3 Ne6 24. c3 Rb6 25. Kc2 Nd4+ 26. Kd1 Nxf3 27.
Rh3 Ne5 28. Ke2 e6 29. Ra1 Rcb7 30. b4 Rc7 31. Kd2 Rbc6 32. Rah1 Kf8 33. Rh8+
1-0